[Event "Niedersachsen-ch"]
[Site "Verden"]
[Date "2008.01.06"]
[Round "7"]
[White "Elborg, Cornelia"]
[Black "Hanemann, Henno"]
[Result "0-1"]
[WhiteElo "1580"]
[BlackElo "1857"]
[PlyCount "54"]
[EventDate "2008.01.03"]
[EventType "swiss"]
[EventRounds "7"]
[EventCountry "GER"]
[SourceTitle "EXT 2010"]
[Source "ChessBase"]
[SourceDate "2010.11.25"]
[SourceVersion "1"]
[SourceVersionDate "2010.11.25"]
[SourceQuality "1"]

1. e4 e5 2. Nf3 d6 3. Bc4 Be7 4. Nc3 c5 5. Ng1 Nc6 6. Nd5 Nf6 7. Nxf6+ Bxf6 8. d3 0-0 9. Nf3 b5 10. Bxb5 Qa5+ 11. Qd2 Qxb5 12. 0-0 c4 13. a4 Qc5 14. Re1 Ba6 15. Ng5 cxd3 16. cxd3 Nb4 17. Ra3 Qd4 18. Nf3 Qb6 19. Rb3 Rab8 20. Qe3 Qc7 21. Rc3 Qd7 22. d4 exd4 23. Nxd4 Na2 24. Nc6 Rbc8 25. Nxa7 Bxc3 26. bxc3 Rxc3 27. Bb2 Rxe3 0-1

[Event "Niedersachsen-ch"]
[Site "Verden"]
[Date "2008.01.05"]
[Round "5"]
[White "Elborg, Cornelia"]
[Black "Dang, An Hai"]
[Result "1-0"]
[WhiteElo "1580"]
[BlackElo "1273"]
[PlyCount "73"]
[EventDate "2008.01.03"]
[EventType "swiss"]
[EventRounds "7"]
[EventCountry "GER"]
[SourceTitle "EXT 2010"]
[Source "ChessBase"]
[SourceDate "2010.11.25"]
[SourceVersion "1"]
[SourceVersionDate "2010.11.25"]
[SourceQuality "1"]

1. e4 c5 2. Nf3 Nc6 3. Nc3 e6 4. Bc4 a6 5. 0-0 b5 6. Be2 d5 7. exd5 exd5 8. d3 Nf6 9. Qe1 d4 10. Nd1 Bd6 11. Ng5 0-0 12. Bf3 Bb7 13. Qd2 Rc8 14. Ne4 Nxe4 15. Bxe4 Bb8 16. Qg5 Qxg5 17. Bxg5 h6 18. Be7 Nxe7 19. Bxb7 Rc7 20. Bxa6 b4 21. b3 Ra7 22. Bc4 Bd6 23. Re1 Rfa8 24. Rb1 Rxa2 25. Rb2 Rxb2 26. Nxb2 Ra2 27. Rb1 Bf4 28. g3 Bd2 29. Na4 Rxc2 30. Nxc5 Rc1+ 31. Rxc1 Bxc1 32. Kg2 Kf8 33. Kf3 Nc6 34. Ke4 Bb2 35. Kd5 Nb8 36. Kd6 Bc3 37. Kc7 1-0

[Event "Niedersachsen-ch U16"]
[Site "Northeim"]
[Date "2007.10.22"]
[Round "6"]
[White "Gutmayer, Philipp"]
[Black "Elborg, Cornelia"]
[Result "0-1"]
[WhiteElo "835"]
[BlackElo "1213"]
[PlyCount "102"]
[EventDate "2007.10.20"]
[EventType "swiss"]
[EventRounds "7"]
[EventCountry "GER"]
[SourceTitle "EXT 2010"]
[Source "ChessBase"]
[SourceDate "2010.11.25"]
[SourceVersion "1"]
[SourceVersionDate "2010.11.25"]
[SourceQuality "1"]

1. e4 c5 2. Nc3 Nc6 3. Nf3 d6 4. Bc4 e6 5. d3 Nf6 6. 0-0 Be7 7. Qd2 0-0 8. d4 cxd4 9. Nxd4 Ne5 10. Qe2 Qb6 11. Nf3 Nxc4 12. Qxc4 Bd7 13. e5 d5 14. Qd3 Ne8 15. b3 f6 16. exf6 Bxf6 17. Bg5 Bxg5 18. Nxg5 Nf6 19. Rad1 Be8 20. Rde1 Bg6 21. Qh3 Bf5 22. Qh4 Rae8 23. a4 Bxc2 24. b4 Bd3 25. Ne2 h6 26. Nh3 Bc4 27. Nhf4 Qxb4 28. Rb1 Qd6 29. Rfe1 b6 30. Ng6 Rf7 31. Ra1 Kh7 32. Ngf4 g5 33. Qg3 gxf4 34. Nxf4 Rg8 35. Qf3 Re7 36. Nd3 Ne4 37. a5 Nd2 38. Qe2 Rgg7 39. g3 Nb3 40. Rab1 Nxa5 41. Qh5 Bxd3 42. Rbc1 Nc4 43. Qf3 Nb2 44. Rc3 Be4 45. Rxe4 dxe4 46. Qxe4+ Kh8 47. Qh4 e5 48. Rc2 Qd1+ 49. Kg2 Qxc2 50. Qxh6+ Qh7 51. Qxh7+ Rxh7 0-1